Міста Київської області - Statistics

General Stats
  • This quiz has been taken 12 times
  • The average score is 11 of 26
Answer Stats
Місто % Correct
Біла Церква
86%
Бровари
86%
Бориспіль
57%
Буча
57%
Вишгород
57%
Ірпінь
57%
Обухів
57%
Березань
43%
Богуслав
43%
Боярка
43%
Васильків
43%
Вишневе
43%
Переяслав
43%
Припять
43%
Тараща
43%
Українка
43%
Фастів
43%
Чорнобиль
43%
Яготин
43%
Кагарлик
29%
Миронівка
29%
Тетіїв
29%
Узин
29%
Ржищів
14%
Сквира
14%
Славутич
14%
No matching quizzes found
Score Distribution
Percent of People with Each Score
Percentile by Number Answered
Your Score History
You have not taken this quiz